[Event "19th Russian Team Championship"]
[Site "Sochi (Loo)"]
[Date "2012.04.09"]
[Round "1"]
[White "Motylev, Alexander"]
[Black "Geller, Jakov"]
[Result "1-0"]
[WhiteElo "2683"]
[BlackElo "2544"]
[PlyCount "81"]
[EventDate "2012.04.09"]

1. e4 c5 2. Nf3 e6 3. d4 cxd4 4. Nxd4 Nc6 5. Nc3 Qc7 6. Be3 a6 7. Qd2 Nf6 8.
O-O-O Be7 9. f3 O-O 10. g4 b5 11. g5 Nh5 12. Kb1 Ne5 13. f4 Ng4 14. e5 b4 15.
Ne4 Bb7 16. Bg2 d6 17. Nf6+ Bxf6 18. Bxb7 Qxb7 19. gxf6 dxe5 20. fxg7 Rfd8 21.
fxe5 Nxe5 22. Qe2 Nxg7 23. h4 h5 24. Bg5 Rd5 25. Rhg1 Ng4 26. b3 e5 27. Nf3 f6
28. Qc4 Rad8 29. Rxd5 Qxd5 30. Rd1 Qxc4 31. Rxd8+ Kh7 32. bxc4 e4 33. Nd2 fxg5
34. Nxe4 gxh4 35. c5 Kg6 36. c6 Ne6 37. Re8 Nc7 38. Re7 Nd5 39. Rd7 Nge3 40.
Nf2 Kf5 41. Nd1 1-0

[Event "19th Russian Team Championship"]
[Site "Sochi (Loo)"]
[Date "2012.04.09"]
[Round "1"]
[White "Kravtsov, Sergey"]
[Black "Smirnov, Pavel"]
[Result "0-1"]
[WhiteElo "2359"]
[BlackElo "2599"]
[PlyCount "88"]
[EventDate "2012.04.09"]

1. d4 Nf6 2. c4 e6 3. Nc3 Bb4 4. Nf3 O-O 5. Bg5 c5 6. d5 b5 7. cxb5 exd5 8. e3
h6 9. Bh4 a6 10. Be2 axb5 11. O-O Bxc3 12. bxc3 Ra5 13. Nd2 d6 14. Nb3 Ra4 15.
Bxf6 Qxf6 16. Bxb5 Rg4 17. Be2 Rg6 18. Bh5 Ba6 19. Re1 Nc6 20. Bxg6 fxg6 21.
Qxd5+ Rf7 22. f3 Bb7 23. Qd1 g5 24. Nd2 Ne5 25. Rf1 Qe7 26. e4 d5 27. exd5 c4
28. Qe1 Bxd5 29. Qe3 Qc7 30. Qd4 Rd7 31. Qe3 Nd3 32. a4 g4 33. a5 Re7 34. Ne4
gxf3 35. gxf3 Qc6 36. a6 Qg6+ 37. Kh1 Rxe4 38. fxe4 Bxe4+ 39. Rf3 Qf5 40. Raf1
Ne5 41. a7 Kh7 42. Kg2 Qg6+ 43. Kh1 Nxf3 44. Rxf3 Qg4 0-1

[Event "19th Russian Team Championship"]
[Site "Sochi (Loo) RUS"]
[Date "2012.04.09"]
[Round "1"]
[White "Gagarin, Vasilij"]
[Black "Landa, Konstantin"]
[Result "0-1"]
[WhiteElo "2378"]
[BlackElo "2645"]
[PlyCount "184"]
[EventDate "2012.04.09"]
[EventRounds "7"]

1. d4 Nf6 2. c4 e6 3. Nc3 Bb4 4. e3 O-O 5. Bd3 c5 6. Nf3 d5 7. O-O Nc6 8. a3
Bxc3 9. bxc3 Qc7 10. h3 Re8 11. Bb2 Na5 12. cxd5 exd5 13. Ne5 Nc4 14. Bxc4 dxc4
15. a4 b6 16. Qe2 Ba6 17. Rac1 Qb7 18. Ba3 cxd4 19. exd4 Nd5 20. Qf3 Re6 21.
Rfe1 Rae8 22. Kf1 f6 23. Ng4 Qd7 24. Rxe6 Qxe6 25. Ne3 Nxe3+ 26. fxe3 Qxe3 27.
Qxe3 Rxe3 28. Rc2 h5 29. Bd6 Bb7 30. Kf2 Rd3 31. Bb8 Bc6 32. Bxa7 Bxa4 33. Re2
Rxc3 34. Bxb6 Bc6 35. h4 Kh7 36. Bc5 Rb3 37. Bd6 Rd3 38. Bc5 c3 39. Ra2 Bd5 40.
Re2 Bc4 41. Bb4 Rxd4 42. Bxc3 Rf4+ 43. Ke3 Rxh4 44. Rd2 Rg4 45. Kf2 Rf4+ 46.
Kg3 Re4 47. Kf3 Re6 48. g3 Bb5 49. Ba5 Bc6+ 50. Kf2 Re5 51. Bc7 Rf5+ 52. Kg1
Kg6 53. Rc2 Be4 54. Re2 Bf3 55. Re7 Bg4 56. Kg2 Rb5 57. Bd6 Rb2+ 58. Kf1 Rd2
59. Bb8 Rc2 60. Bd6 Rc6 61. Bb8 Bf5 62. Kf2 Rc4 63. Ra7 Rd4 64. Ke3 Rd3+ 65.
Kf2 Bd7 66. Ra6 Bc8 67. Ra7 Rb3 68. Bd6 Bb7 69. Ra4 Rd3 70. Bb8 Rd8 71. Bc7 Rd7
72. Bb8 Kh6 73. Rb4 Bd5 74. Rb6 Kg6 75. Ra6 Rb7 76. Bd6 Kf5 77. Ra5 Ke6 78. Ba3
Rb3 79. Ra6+ Kf5 80. Bd6 Rf3+ 81. Kg1 g5 82. Ra5 Rd3 83. Ra3 Bb3 84. Bb8 Kg4
85. Kf2 f5 86. Bc7 Rf3+ 87. Kg2 Rc3 88. Bd6 Rd3 89. Ra6 Rd2+ 90. Kg1 Kh3 91.
Bb8 Rg2+ 92. Kh1 Bd5 0-1

[Event "19th Russian Team Championship"]
[Site "Sochi (Loo) RUS"]
[Date "2012.04.09"]
[Round "1"]
[White "Kurukin, Dmitry"]
[Black "Poluljahov, Aleksandr"]
[Result "1/2-1/2"]
[WhiteElo "2375"]
[BlackElo "2505"]
[PlyCount "31"]
[EventDate "2012.04.09"]
[EventRounds "7"]

1. c4 e6 2. d4 d5 3. Nf3 c6 4. Nc3 dxc4 5. a4 Bb4 6. g3 c5 7. Bf4 Nf6 8. Bg2
Nc6 9. O-O cxd4 10. Nb5 O-O 11. Nc7 Rb8 12. Nb5 Ra8 13. Nc7 Rb8 14. Nb5 Ra8 15.
Nc7 Rb8 16. Nb5 1/2-1/2